|
|
|
|
| LEADER |
00000nab a2200000 a 4500 |
| 001 |
vtls009526256 |
| 003 |
SK-MaSNL |
| 005 |
20260304151445.0 |
| 008 |
250506c2009 xo qr|p|||||||000 b|slo |
| 015 |
|
|
|a SNBRB2009/06
|2 snkbucl
|
| 035 |
|
|
|a urn:nbn:sk:snk-ab7rz2
|
| 035 |
|
|
|a (urnnbn)urn:nbn:sk:snk:ar-002dph
|
| 035 |
|
|
|a (uuid)0fb7d3f4-a11e-48b6-9867-86ce78fee521
|
| 038 |
|
|
|a SNKBUCL
|
| 040 |
|
|
|a SNKBUCL
|b slo
|c SNKBUCL
|e AACR2
|
| 041 |
0 |
|
|a slo
|b eng
|
| 044 |
|
|
|a xo
|c SK
|
| 080 |
|
|
|a 78.071.1
|2 2001
|
| 100 |
1 |
|
|a Martináková, Zuzana,
|d 1958-
|4 aut
|
| 245 |
1 |
0 |
|a Tvorivá cesta Eugena Suchoňa
|c Zuzana Martináková
|
| 300 |
|
|
|b Fotogr.
|
| 500 |
|
|
|a Poznámky
|
| 504 |
|
|
|a Bibliogr. odkazy
|
| 546 |
|
|
|a Res. angl.
|
| 600 |
1 |
7 |
|a Suchoň, Eugen,
|d 1908-1993
|2 snkbucl
|9 107916
|
| 773 |
0 |
|
|t Slovenská hudba
|g Roč. XXXIV, č. 3-4 (2008), s. 223-232
|x 1335-2458
|
| 850 |
|
|
|a Slovenská národná knižnica
|
| 852 |
|
|
|a Slovenská národná knižnica
|
| 954 |
|
|
|a odborná, vedecká literatúra pôvodná (slovenská)
|2 lita
|
| 958 |
|
|
|a article9
|
| 958 |
|
|
|a OND
|
| 958 |
|
|
|a SK
|
| 958 |
|
|
|a NB
|
| 958 |
|
|
|a EUIPO
|
| 999 |
|
|
|c 2943718
|d 2945648
|